| 000 | 00453nam a2200181Ia 4500 | ||
|---|---|---|---|
| 003 | OSt | ||
| 005 | 20230523143551.0 | ||
| 008 | 210210b1913 xxu||||| |||| 00| 0 eng d | ||
| 040 | _cAL | ||
| 041 | _aeng | ||
| 082 | _a826/190 | ||
| 100 |
_aWALKER (Hugh) _9111395 |
||
| 245 | _aLiterature of the victorian era | ||
| 260 |
_aCambridge _bAt the University Press _c1913 |
||
| 690 |
_aHistory of Literature _9111396 |
||
| 906 | _a015738 | ||
| 942 |
_2ddc _cBK |
||
| 999 |
_c135129 _d135129 |
||